| 000 | 00636nam a2200205 4500 | ||
|---|---|---|---|
| 001 | 108694 | ||
| 003 | ES-MaACL | ||
| 005 | 20240419155420.0 | ||
| 007 | t| | ||
| 008 | 061121s1978 sp r ||||1| spa d | ||
| 100 | 1 |
_aMontagu, Ashley. _982320 |
|
| 245 | 1 | 3 |
_aLa naturaleza de la agresividad humana / _cAshley Montagu; versión de Antonio Escohotado. |
| 260 |
_aMadrid : _bAlianza, _c1978. |
||
| 300 |
_a290 p. : _bil. ; _c20 cm. |
||
| 490 | 1 | _aAlianza universidad | |
| 700 | 1 |
_aEscohotado, Antonio, _d1941-2021 _947583 |
|
| 830 | 0 |
_aAlianza universidad _9177276 |
|
| 852 |
_aES-MaACL _jA-9625 _bR.98719 |
||
| 999 |
_c108694 _d108694 |
||